000 00594nam a22001577a 4500
003 LK-CoDNM
005 20240913152558.0
008 240913b |||||||| |||| 00| 0 eng d
040 _aLK-CoDNM
_dLK-CoDNM
_eLK-CoDNM
041 _asin
100 _aවිද්‍යොදය පරිවේණාධිපති නායක හිමි
245 _aපරිශිෂට සඞග්‍රහ සහිත නිකාය සඞග්‍රහය
260 _aඅනුල මුද්‍රණාලය
_bකොළඹ - මරදාන
_c1955
300 _a96p ; 19cm
942 _cBK
999 _c152271
_d152271